R v North Lincolnshire C ex p Horticultural and Garden Sales (Humberside) Ltd (Record no. 56176)

MARC details
000 -LEADER
fixed length control field 01484cab a2200241 4500
001 - CONTROL NUMBER
control field ABS59329
008 - FIXED-LENGTH DATA ELEMENTS--GENERAL INFORMATION
fixed length control field 090401t1998 xxu||||| |||| 00| 0 eng d
035 ## - SYSTEM CONTROL NUMBER
System control number (Sirsi) u88837
041 ## - LANGUAGE CODE
Language code of text/sound track or separate title eng
245 ## - TITLE STATEMENT
Title R v North Lincolnshire C ex p Horticultural and Garden Sales (Humberside) Ltd
260 ## - PUBLICATION, DISTRIBUTION, ETC.
Date of publication, distribution, etc. 1998
350 ## - PRICE (NR) (BK AM CF MU VM SE) [OBSOLETE]
Price 0
490 ## - SERIES STATEMENT
Series statement Property and Compensation Reports
Volume/sequential designation [1998] 76 P&CR 363-373(11)
520 ## - SUMMARY, ETC.
Summary, etc. The applicant company carried on business inter alia of peat extraction from a plot in Doncaster, in respect of which planning permission for mineral extraction had been granted in 1951. Following a boundary change in 1994, the site became partitioned so that whilst part of the land remained in Doncaster, the remainder of the land was transferred within the administrative boundary of Humberside MBC. The site was not included in its list of minerals sites under the Environment Act 1995. No application was made to remedy the situation within the statutory timetable. In 1996 the applicant was informed that the omission was fatal to the continued existence of the site. The applicant sought judicial review of that decision. Held; application dismissed.
650 ## - SUBJECT ADDED ENTRY--TOPICAL TERM
Topical term or geographic name entry element BOUNDARY CHANGES
650 ## - SUBJECT ADDED ENTRY--TOPICAL TERM
Topical term or geographic name entry element ENVIRONMENT ACT 1995
650 ## - SUBJECT ADDED ENTRY--TOPICAL TERM
Topical term or geographic name entry element MINERAL EXTRACTION
650 ## - SUBJECT ADDED ENTRY--TOPICAL TERM
Topical term or geographic name entry element MINERALS PERMISSION
650 ## - SUBJECT ADDED ENTRY--TOPICAL TERM
Topical term or geographic name entry element R V NORTH LINCOLNSHIRE DC EX P HORTICULTURAL AND GARDEN SALES LTD
690 ## - LOCAL SUBJECT ADDED ENTRY--TOPICAL TERM (OCLC, RLIN)
Topical term or geographic name as entry element MINING AND MINERALS-CASE LAW
942 ## - ADDED ENTRY ELEMENTS (KOHA)
Suppress in OPAC 0
948 ## - LOCAL PROCESSING INFORMATION (OCLC); SERIES PART DESIGNATOR (RLIN)
c (OCLC) 06/10/1998
Holdings
Withdrawn status Lost status Source of classification or shelving scheme Damaged status Not for loan Home library Current library Shelving location Date acquired Total Checkouts Full call number Barcode Date last seen Copy number Price effective from Koha item type
    Dewey Decimal Classification     London London Journal article 14/09/1999   ABS59329 88837-1001 06/08/2019 1 06/08/2019 Law report